<?xml version="1.0" encoding="UTF-8"?><?xml-stylesheet type="text/xsl" href="static/style.xsl"?><OAI-PMH xmlns="http://www.openarchives.org/OAI/2.0/" xmlns:xsi="http://www.w3.org/2001/XMLSchema-instance" xsi:schemaLocation="http://www.openarchives.org/OAI/2.0/ http://www.openarchives.org/OAI/2.0/OAI-PMH.xsd"><responseDate>2026-06-06T18:21:26Z</responseDate><request verb="GetRecord" identifier="oai:riuma.uma.es:10630/34046" metadataPrefix="marc">https://riuma.uma.es/rest/oai/request</request><GetRecord><record><header><identifier>oai:riuma.uma.es:10630/34046</identifier><datestamp>2026-02-03T11:37:51Z</datestamp><setSpec>com_10630_2254</setSpec><setSpec>col_10630_37960</setSpec></header><metadata><record xmlns="http://www.loc.gov/MARC21/slim" xmlns:dcterms="http://purl.org/dc/terms/" xmlns:doc="http://www.lyncode.com/xoai" xmlns:xsi="http://www.w3.org/2001/XMLSchema-instance" xsi:schemaLocation="http://www.loc.gov/MARC21/slim http://www.loc.gov/standards/marcxml/schema/MARC21slim.xsd">
   <leader>00925njm 22002777a 4500</leader>
   <datafield ind2=" " ind1=" " tag="042">
      <subfield code="a">dc</subfield>
   </datafield>
   <datafield ind2=" " ind1=" " tag="720">
      <subfield code="a">Jiménez-Navarro, Juan-Pablo</subfield>
      <subfield code="e">author</subfield>
   </datafield>
   <datafield ind2=" " ind1=" " tag="720">
      <subfield code="a">Uihlein, Andreas</subfield>
      <subfield code="e">author</subfield>
   </datafield>
   <datafield ind2=" " ind1=" " tag="260">
      <subfield code="c">2016-06-15</subfield>
   </datafield>
   <datafield ind2=" " ind1=" " tag="520">
      <subfield code="a">Mapping energy priorities under the framework of the smart specialisation concept may help policy makers to define actions plans as well as maximize the impact of available resources. This report identifies groups of regions and countries with common energy technology interests based on a set of technologies included in the Strategic Energy Technology Plan (SET-Plan) of the European Union.&#xd;
&#xd;
In order to carry out the mapping, the tool EYE@RIS3 has been used and more precisely the description provided by each territorial unit and collected by this tool. The methodology proposed to develop the mapping analyses aims to avoid an individual analysis of every single regional or national smart specialisation strategy. However, the approach proposed could lead to overlapping in terms of semantic interferences, an issue that has also been analysed in this report.&#xd;
&#xd;
Once the groups of regions/countries have been defined, potential similarities have been assessed based on socio-economic indicators. Finally, the level of alignment between regional and national levels has been studied. The findings of this report establish the basis to carry out a deeper analysis focused on a specific energy technology and with a reduced number of regions.</subfield>
   </datafield>
   <datafield ind1="8" ind2=" " tag="024">
      <subfield code="a">Juan Pablo Jiménez Navarro, Andreas Uihlein: Mapping regional energy interests for S3P-Energy. JRC Science for Policy, EUR 22763 EN, doi: 10.2790/21651</subfield>
   </datafield>
   <datafield ind1="8" ind2=" " tag="024">
      <subfield code="a">https://hdl.handle.net/10630/34046</subfield>
   </datafield>
   <datafield ind1="8" ind2=" " tag="024">
      <subfield code="a">10.2790/21651</subfield>
   </datafield>
   <datafield tag="653" ind2=" " ind1=" ">
      <subfield code="a">Energía - Consumo</subfield>
   </datafield>
   <datafield ind2="0" ind1="0" tag="245">
      <subfield code="a">Mapping regional energy interests for S3P-Energy</subfield>
   </datafield>
</record>
</metadata></record></GetRecord></OAI-PMH>